Marvel Phase 3: Fill-in-the-Blank - Statistics

General Stats
  • This quiz has been taken 43 times
  • The average score is 21 of 44
Answer Stats
Movie Hint Answer % Correct
Captain America: Civil War (2016) ____-___, the web slinging teenager is introduced. Spider-Man
97%
Captain America: Civil War (2016) King _’____ died after a meeting pertaining to the Sokovia Accords. T’Chaka
83%
Guardians of the Galaxy Vol. 2 (2017) ______ was Ego’s assistant, but later became a Guardian. Mantis
80%
Guardians of the Galaxy Vol. 2 (2017) “He may have been your father boy, but he waddn’t your _____.” Daddy
71%
Thor: Ragnarok (2017) ____ is Thor’s biological sister. Hela
71%
Captain America: Civil War (2016) ____ was plotting to break up the Avengers. Zemo
71%
Captain America: Civil War (2016) The civil war started over controversy of the ______ ______. Sokovia Accords
69%
Thor: Ragnarok (2017) The man made of rocks named ____. Korg
66%
Doctor Strange (2016) Strange was a _______ before he learned the Mystic Arts. Surgeon
63%
Avengers: Infinity War (2018) Power, Space, Reality, ____, Mind, and ____. Time; Soul
60%
Guardians of the Galaxy Vol. 2 (2017) Rocket stole ________ from The Sovereign, which lead to them hunting the Guardians down. Batteries
54%
Avengers: Endgame (2019) Hawkeye claimed the stone from Vomir after the death of ____ _____. Black Widow
54%
Doctor Strange (2016) Doctor Strange referenced _______ when he and Wong were talking about people with one name. Beyoncé
51%
Avengers: Endgame (2019) Morgan Stark says this phrase to Tony: "_ ___ ___ ____." I Love You 3000
51%
Ant-Man and the Wasp (2018) In the post credits scene, Hope, Hank, and ____ get snapped while Ant-Man is still in the [this word is the answer above] realm. Janet
51%
Avengers: Endgame (2019) Iron Man and ______ were stranded in space in the Milano. Nebula
51%
Doctor Strange (2016) She is Stephen Strange’s partner. Christine Palmer
49%
Spider-Man: Homecoming (2017) After Peter’s fight against The Vulture, Tony Stark presented the ___ _____ suit to him. Peter turned down the offer over ownership of the suit. Iron Spider
49%
Spider-Man: Homecoming (2017) The Vulture’s daughter turned out to be __. Liz
49%
Captain Marvel (2019) _____ _______ was Carol Danvers' best friend before she lost her memory. Maria Rambeau
49%
Avengers: Endgame (2019) ____ used the infinity gauntlet to bring back the people who were snapped 5 years prior. Professor Hulk
49%
Black Panther (2018) T’Challa takes on the mantle of the Black Panther in _______. Wakanda
49%
Spider-Man: Homecoming (2017) Spider-Man saves his friends falling in an elevator in _________ __. Washington DC.
49%
Spider-Man: Far From Home (2019) _._._._._. is the acronym for Peter Parkers new A.I. glasses. E.D.I.T.H.
46%
Spider-Man: Far From Home (2019) ______ is the main villain in the movie. Mysterio
46%
Thor: Ragnarok (2017) The prophecy of Ragnarok was fulfilled when _____ used his fire and his large sword to demolish Asgard. Surtur
46%
Guardians of the Galaxy Vol. 2 (2017) ____ _____ is the one who turned on the bomb destroying Ego. Baby Groot
43%
Ant-Man and the Wasp (2018) Hank was able to save his wife using ______ physics. Quantum
43%
Avengers: Infinity War (2018) After Thanos snapped, he returned to his home Planet, ____. Titan
43%
Ant-Man and the Wasp (2018) _____ ____ is the FBI Agent who would examine Lang’s house until his house arrest ended. Jimmy Woo
40%
Captain Marvel (2019) ____ is the main skrull. Talos
40%
Doctor Strange (2016) _____ _____ has turned evil due to secrets kept by The Ancient One. Baron Mordo
37%
Avengers: Infinity War (2018) Spider-Man and Iron Man killed _____ ___ by using a technique Spider-Man remembered from the movie Alien. Ebony Maw
37%
Spider-Man: Far From Home (2019) ____ ______ is what Ned calls Spider-Man in Prague. Night Monkey
37%
Spider-Man: Homecoming (2017) Miles Morales’ uncle, _____ _____, gets interrogated by Spider-Man. Aaron Davis
34%
Thor: Ragnarok (2017) Thor crash lands into Planet ______, where he meets Valkyrie. Sakaar
34%
Black Panther (2018) Killmonger murders ____ moments after making the sacrifice of killing his girlfriend. Ulysses Klaue
31%
Captain Marvel (2019) ___-____ turned out to be a bad guy in the end of the film. Yon-Rogg
31%
Ant-Man and the Wasp (2018) ___ _____ was a father figure to Ava Starr/Ghost because he was there for her, trying to get her life back to normal. Bill Foster
23%
Spider-Man: Far From Home (2019) In the post credits scene, actor _. _. ______ reprises his role from the original Spider-Man trilogy. J. K. Simmons
23%
Avengers: Infinity War (2018) The majority of Thanos’ adopted children teamed up to form The ____ _____. Dark Order
17%
Captain Marvel (2019) ______ ___ _______ is also in Guardians of the Galaxy (2014). He was a co-villain in that movie. He was killed by Drax. Korath the Pursuer
17%
Black Panther (2018) N’Jadaka, son of _’____ N’Jobu
17%
Black Panther (2018) Okoye is part of the ____ _____. Dora Milage
11%
No matching quizzes found
Score Distribution
Percent of People with Each Score
Percentile by Number Answered
Your Score History
You have not taken this quiz